| 000 | 00396nam a2200157Ia 4500 | ||
|---|---|---|---|
| 008 | 151213s9999 xx 000 0 und d | ||
| 100 | _aDominick Salvatore | ||
| 245 |
_aMicro Economics theory _cDominick Salvatore |
||
| 250 | _a1st | ||
| 260 |
_aNew York _bMcGrow Hill _c2004 |
||
| 300 | _a2263 p. | ||
| 650 | _aEconomics | ||
| 650 | _aEconomics | ||
| 700 | _aDominick Salvatore | ||
| 999 |
_c1637 _d1637 |
||